[Event "European Clubs Cup"]
[Site "chess24.com"]
[Date "2018.10.14"]
[Round "3"]
[White "Corvi, Marco"]
[Black "Borge, Nikolaj"]
[Result "0-1"]
[Board "1"]
[WhiteElo "2316"]
[WhiteTitle "FM"]
[WhiteCountry "ITA"]
[WhiteFideId "801895"]
[WhiteEloChange "-8"]
[BlackElo "2385"]
[BlackTitle "IM"]
[BlackCountry "DEN"]
[BlackFideId "1400312"]
[BlackEloChange "8"]

1. e4 {[%clk 1:30:56]} c5 {[%clk 1:30:53]} 2. Nc3 {[%clk 1:30:48]} Nc6 {[%clk
1:29:32]} 3. Bb5 {[%clk 1:30:08]} Nd4 {[%clk 1:29:08]} 4. Nf3 {[%clk 1:27:00]} a6
{[%clk 1:27:38]} 5. Bd3 {[%clk 1:27:18]} Nxf3+ {[%clk 1:26:38]} 6. Qxf3 {[%clk
1:27:36]} e6 {[%clk 1:26:27]} 7. O-O {[%clk 1:26:59]} Bd6 {[%clk 1:19:00]} 8. b3
{[%clk 1:10:45]} Qc7 {[%clk 1:11:09]} 9. Qh3 {[%clk 1:08:45]} Ne7 {[%clk
1:00:37]} 10. Bb2 {[%clk 1:07:34]} Ng6 {[%clk 0:52:36]} 11. Ne2 {[%clk 1:01:51]}
Be5 {[%clk 0:43:47]} 12. Bxe5 {[%clk 0:59:59]} Nxe5 {[%clk 0:44:11]} 13. Qg3
{[%clk 0:57:30]} O-O {[%clk 0:42:25]} 14. c3 {[%clk 0:56:39]} Qd6 {[%clk
0:36:01]} 15. Nc1 {[%clk 0:46:57]} b5 {[%clk 0:31:02]} 16. Rd1 {[%clk 0:43:31]}
Bb7 {[%clk 0:30:33]} 17. Bc2 {[%clk 0:43:20]} f5 {[%clk 0:25:36]} 18. d4 {[%clk
0:41:51]} f4 {[%clk 0:24:32]} 19. Qh3 {[%clk 0:33:14]} cxd4 {[%clk 0:24:21]} 20.
cxd4 {[%clk 0:33:12]} Qc6 {[%clk 0:18:53]} 21. Nd3 {[%clk 0:29:26]} Nf7 {[%clk
0:14:45]} 22. Nc5 {[%clk 0:26:35]} d6 {[%clk 0:06:23]} 23. Nxb7 {[%clk 0:23:47]}
Qxc2 {[%clk 0:06:27]} 24. e5 {[%clk 0:19:41]} dxe5 {[%clk 0:05:58]} 25. dxe5
{[%clk 0:19:46]} Ng5 {[%clk 0:05:00]} 26. Qg4 {[%clk 0:19:18]} Qf5 {[%clk
0:04:26]} 27. Qxf5 {[%clk 0:16:50]} Rxf5 {[%clk 0:04:55]} 28. Re1 {[%clk
0:15:11]} Nf7 {[%clk 0:04:46]} 29. Nc5 {[%clk 0:13:54]} Nxe5 {[%clk 0:03:13]} 30.
Nxe6 {[%clk 0:13:47]} Ng6 {[%clk 0:01:54]} 31. Nc7 {[%clk 0:11:55]} Ra7 {[%clk
0:02:15]} 32. Rac1 {[%clk 0:10:29]} Kf7 {[%clk 0:02:20]} 33. f3 {[%clk 0:09:14]}
Re5 {[%clk 0:02:11]} 34. Rxe5 {[%clk 0:08:17]} Nxe5 {[%clk 0:02:39]} 35. Nd5
{[%clk 0:08:37]} Rd7 {[%clk 0:01:42]} 36. Rc7 {[%clk 0:07:05]} g5 {[%clk
0:01:50]} 37. Kf1 {[%clk 0:05:08]} h6 {[%clk 0:01:29]} 38. Rxd7+ {[%clk 0:03:22]}
Nxd7 {[%clk 0:01:58]} 39. Ke2 {[%clk 0:03:19]} Nb8 {[%clk 0:00:38]} 40. Kd3
{[%clk 0:33:05]} Ke6 {[%clk 0:30:44]} 41. Ke4 {[%clk 0:32:07]} Kd6 {[%clk
0:29:21]} 42. Nf6 {[%clk 0:25:20]} Kc5 {[%clk 0:22:06]} 43. h4 {[%clk 0:22:37]}
gxh4 {[%clk 0:21:47]} 44. Nd5 {[%clk 0:22:16]} Nc6 {[%clk 0:15:07]} 45. a3 {[%clk
0:21:19]} Nd4 {[%clk 0:07:38]} 46. b4+ {[%clk 0:06:17]} Kc4 {[%clk 0:07:34]} 47.
Nb6+ {[%clk 0:06:29]} Kc3 {[%clk 0:07:56]} 48. Nd5+ {[%clk 0:05:50]} Kc4 {[%clk
0:08:25]} 49. Nxf4 {[%clk 0:05:27]} Nc2 {[%clk 0:03:19]} 50. Nd3 {[%clk 0:05:34]}
Nxa3 {[%clk 0:03:30]} 51. f4 {[%clk 0:05:48]} Nb1 {[%clk 0:03:53]} 52. Nc5 {[%clk
0:01:43]} Kxb4 {[%clk 0:01:30]} 53. Nxa6+ {[%clk 0:02:09]} Kc4 {[%clk 0:01:57]}
54. f5 {[%clk 0:01:46]} Nd2+ {[%clk 0:02:01]} 55. Ke5 {[%clk 0:01:12]} Nf3+
{[%clk 0:02:02]} 56. gxf3 {[%clk 0:00:35]} h3 {[%clk 0:02:30]} 57. f6 {[%clk
0:01:01]} h2 {[%clk 0:02:55]} 58. f7 {[%clk 0:01:29]} h1Q {[%clk 0:03:08]} 59.
f8Q {[%clk 0:01:56]} Qa1+ {[%clk 0:03:30]} 60. Ke4 {[%clk 0:00:46]} Qxa6 {[%clk
0:03:57]} 61. Qg8+ {[%clk 0:00:41]} Kc3 {[%clk 0:04:12]} 62. Qg7+ {[%clk
0:00:54]} Kb3 {[%clk 0:04:01]} 63. f4 {[%clk 0:00:48]} Qc6+ {[%clk 0:04:08]} 64.
Ke3 {[%clk 0:00:41]} b4 {[%clk 0:04:23]} 65. Qg8+ {[%clk 0:00:34]} Qc4 {[%clk
0:04:16]} 66. Qa8 {[%clk 0:00:43]} Qc1+ {[%clk 0:04:12]} 67. Ke2 {[%clk 0:00:32]}
Qxf4 {[%clk 0:04:36]} 68. Qh8 {[%clk 0:00:33]} Qc4+ {[%clk 0:04:04]} 69. Kf2
{[%clk 0:00:45]} Qc2+ {[%clk 0:04:29]} 0-1

[Event "European Club Cup"]
[Site "chess24.com"]
[Date "2018.10.15"]
[Round "4"]
[White "Safarli, Eltaj"]
[Black "Huzman, Alexander"]
[Result "0-1"]
[Board "4"]
[WhiteElo "2676"]
[WhiteTitle "GM"]
[WhiteCountry "AZE"]
[WhiteFideId "13402129"]
[WhiteEloChange "-6"]
[BlackElo "2571"]
[BlackTitle "GM"]
[BlackCountry "ISR"]
[BlackFideId "2803828"]
[BlackEloChange "6"]

1. e4 {[%clk 1:30:56]} e6 {[%clk 1:30:48]} 2. d4 {[%clk 1:29:08]} d5 {[%clk
1:31:11]} 3. exd5 {[%clk 1:28:36]} exd5 {[%clk 1:31:21]} 4. c4 {[%clk 1:28:42]}
Bb4+ {[%clk 1:27:41]} 5. Nc3 {[%clk 1:28:58]} Nf6 {[%clk 1:27:45]} 6. Bd3 {[%clk
1:29:06]} O-O {[%clk 1:24:52]} 7. Ne2 {[%clk 1:29:24]} dxc4 {[%clk 1:21:33]} 8.
Bxc4 {[%clk 1:29:48]} h6 {[%clk 1:21:53]} 9. O-O {[%clk 1:30:06]} Nc6 {[%clk
1:22:17]} 10. Qd3 {[%clk 1:27:33]} Na5 {[%clk 1:19:53]} 11. Bb5 {[%clk 1:26:07]}
a6 {[%clk 1:07:31]} 12. Ba4 {[%clk 1:26:31]} c5 {[%clk 1:07:53]} 13. d5 {[%clk
1:09:28]} c4 {[%clk 1:03:22]} 14. Qg3 {[%clk 1:02:02]} Bd6 {[%clk 1:02:13]} 15.
Qh4 {[%clk 1:01:45]} Bf5 {[%clk 1:00:49]} 16. Nd4 {[%clk 0:54:49]} Bd3 {[%clk
0:57:46]} 17. Rd1 {[%clk 0:54:34]} Nxd5 {[%clk 0:49:33]} 18. Qh5 {[%clk 0:47:54]}
Nf6 {[%clk 0:29:17]} 19. Qh3 {[%clk 0:47:58]} Bxh2+ {[%clk 0:26:10]} 20. Qxh2
{[%clk 0:47:37]} Qxd4 {[%clk 0:26:36]} 21. Be3 {[%clk 0:40:48]} Qd8 {[%clk
0:24:17]} 22. Bc5 {[%clk 0:38:56]} b5 {[%clk 0:13:03]} 23. Bxf8 {[%clk 0:39:20]}
Qxf8 {[%clk 0:12:55]} 24. Qc7 {[%clk 0:39:14]} Qb4 25. a3 {[%clk 0:38:03]} Qxb2
{[%clk 0:12:58]} 26. Qxa5 {[%clk 0:38:28]} bxa4 {[%clk 0:12:07]} 27. Nxa4 {[%clk
0:38:17]} Qd4 {[%clk 0:11:46]} 28. Nc5 {[%clk 0:31:01]} Rc8 {[%clk 0:09:04]} 29.
Nxd3 {[%clk 0:23:47]} cxd3 {[%clk 0:09:30]} 30. Qf5 {[%clk 0:23:16]} Rd8 {[%clk
0:08:58]} 31. Rab1 {[%clk 0:23:06]} a5 {[%clk 0:05:08]} 32. Rb3 {[%clk 0:20:39]}
d2 {[%clk 0:05:19]} 33. Qxa5 {[%clk 0:20:11]} Ng4 {[%clk 0:04:14]} 34. Qf5 {[%clk
0:15:32]} Re8 {[%clk 0:04:17]} 35. Rbb1 {[%clk 0:14:44]} h5 {[%clk 0:04:01]} 36.
g3 {[%clk 0:13:35]} Qc3 {[%clk 0:02:17]} 37. Kg2 {[%clk 0:10:44]} g6 {[%clk
0:01:37]} 38. Qf3 {[%clk 0:10:40]} Qc2 {[%clk 0:01:59]} 39. a4 {[%clk 0:04:35]}
Kg7 {[%clk 0:02:24]} 40. Qb3 {[%clk 0:30:47]} Qe4+ {[%clk 0:31:21]} 41. Qf3
{[%clk 0:30:57]} Nxf2 {[%clk 0:18:55]} 42. Kxf2 {[%clk 0:11:33]} Qd4+ {[%clk
0:19:10]} 43. Kg2 {[%clk 0:11:43]} Re3 {[%clk 0:19:07]} 44. Qf2 {[%clk 0:10:34]}
Qe4+ {[%clk 0:12:50]} 45. Kg1 {[%clk 0:10:45]} Re2 {[%clk 0:09:05]} 46. Ra1
{[%clk 0:10:52]} Rxf2 {[%clk 0:06:36]} 47. Kxf2 {[%clk 0:11:19]} Qd4+ {[%clk
0:06:57]} 48. Ke2 {[%clk 0:10:48]} Qe5+ {[%clk 0:06:56]} 49. Kf2 {[%clk 0:06:33]}
Qa5 {[%clk 0:07:20]} 50. Kg2 {[%clk 0:06:54]} g5 {[%clk 0:06:45]} 51. Kh2 {[%clk
0:07:03]} Qe5 {[%clk 0:05:54]} 52. a5 {[%clk 0:01:46]} Qe2+ {[%clk 0:06:47]} 53.
Kh1 {[%clk 0:01:40]} h4 {[%clk 0:06:44]} 54. g4 {[%clk 0:00:54]} f5 {[%clk
0:05:24]} 55. a6 {[%clk 0:00:34]} fxg4 {[%clk 0:05:39]} 0-1

[Event "European Club Cup"]
[Site "chess24.com"]
[Date "2018.10.15"]
[Round "4"]
[White "Juegel, Marcel"]
[Black "Lie, Kjetil A."]
[Result "0-1"]
[Board "6"]
[WhiteElo "2187"]
[WhiteCountry "GER"]
[WhiteFideId "24621625"]
[WhiteEloChange "-2"]
[BlackElo "2537"]
[BlackTitle "GM"]
[BlackCountry "NOR"]
[BlackFideId "1501984"]
[BlackEloChange "1"]

1. d4 {[%clk 1:30:56]} Nf6 {[%clk 1:30:07]} 2. Nc3 {[%clk 1:31:07]} d5 {[%clk
1:28:54]} 3. Bf4 {[%clk 1:31:14]} e6 {[%clk 1:28:26]} 4. e3 {[%clk 1:31:32]} Bb4
{[%clk 1:28:04]} 5. Bd3 {[%clk 1:29:44]} c5 {[%clk 1:27:41]} 6. f3 {[%clk
1:19:52]} Nc6 {[%clk 1:17:07]} 7. a3 {[%clk 1:12:54]} Ba5 {[%clk 1:07:35]} 8. Bb5
{[%clk 1:09:53]} O-O {[%clk 0:57:14]} 9. Ne2 {[%clk 1:06:01]} cxd4 {[%clk
0:46:54]} 10. exd4 {[%clk 1:04:26]} Bd7 {[%clk 0:41:55]} 11. Bg5 {[%clk 0:57:52]}
Rc8 {[%clk 0:38:02]} 12. Bd3 {[%clk 0:45:31]} Re8 {[%clk 0:31:17]} 13. f4 {[%clk
0:43:47]} h6 {[%clk 0:29:20]} 14. Bh4 {[%clk 0:41:57]} a6 {[%clk 0:24:04]} 15. h3
{[%clk 0:34:10]} Bb6 {[%clk 0:20:44]} 16. Bf2 {[%clk 0:31:34]} Ne7 {[%clk
0:18:54]} 17. g4 {[%clk 0:29:48]} Bc6 {[%clk 0:18:46]} 18. Ng3 {[%clk 0:27:29]}
Qc7 {[%clk 0:17:59]} 19. Qf3 {[%clk 0:25:19]} Ne4 {[%clk 0:16:17]} 20. O-O {[%clk
0:17:43]} Nd2 {[%clk 0:13:28]} 21. Qe3 {[%clk 0:18:07]} Nxf1 {[%clk 0:13:50]} 22.
Rxf1 {[%clk 0:18:21]} Ng6 {[%clk 0:11:32]} 23. Bxg6 {[%clk 0:15:54]} fxg6 {[%clk
0:11:58]} 24. Nge2 {[%clk 0:14:40]} Qd7 {[%clk 0:09:23]} 25. Nc1 {[%clk 0:13:21]}
Bb5 {[%clk 0:09:34]} 26. Nd3 {[%clk 0:12:28]} Bxd3 {[%clk 0:09:51]} 27. Qxd3
{[%clk 0:12:49]} Qc7 {[%clk 0:08:24]} 28. Qe3 {[%clk 0:09:18]} Ba5 {[%clk
0:07:34]} 29. Be1 {[%clk 0:09:44]} Bxc3 {[%clk 0:07:39]} 30. Bxc3 {[%clk
0:10:05]} Qf7 {[%clk 0:07:51]} 31. Qd3 {[%clk 0:09:44]} Rc6 {[%clk 0:06:30]} 32.
Bd2 {[%clk 0:09:11]} Rec8 {[%clk 0:06:32]} 33. c3 {[%clk 0:09:28]} Rf8 {[%clk
0:06:46]} 34. Qe2 {[%clk 0:07:59]} Rb6 {[%clk 0:06:35]} 35. Bc1 {[%clk 0:08:17]}
g5 {[%clk 0:05:53]} 36. Qe5 {[%clk 0:07:18]} Rc6 {[%clk 0:05:26]} 37. f5 {[%clk
0:06:53]} Qc7 {[%clk 0:04:01]} 38. Be3 {[%clk 0:06:36]} Qd7 {[%clk 0:02:04]} 39.
h4 {[%clk 0:03:23]} exf5 {[%clk 0:02:17]} 40. hxg5 {[%clk 0:32:15]} f4 {[%clk
0:32:16]} 41. Rxf4 {[%clk 0:32:32]} Re8 {[%clk 0:32:32]} 42. Qf5 {[%clk 0:22:15]}
Qxf5 {[%clk 0:32:33]} 43. Rxf5 {[%clk 0:18:33]} Rxe3 {[%clk 0:32:16]} 0-1

[Event "European Club Cup"]
[Site "chess24.com"]
[Date "2018.10.15"]
[Round "4"]
[White "Jap Tjoen San, Linda"]
[Black "Vucinic, Gojko"]
[Result "0-1"]
[Board "6"]
[WhiteElo "2086"]
[WhiteTitle "WIM"]
[WhiteCountry "NED"]
[WhiteFideId "1004026"]
[WhiteEloChange "-3"]
[BlackElo "2398"]
[BlackTitle "IM"]
[BlackCountry "SRB"]
[BlackFideId "945374"]
[BlackEloChange "3"]

1. e4 {[%clk 1:30:58]} c5 {[%clk 1:30:55]} 2. Nf3 {[%clk 1:31:23]} d6 {[%clk
1:31:21]} 3. d4 {[%clk 1:31:50]} cxd4 {[%clk 1:31:47]} 4. Nxd4 {[%clk 1:32:17]}
Nf6 {[%clk 1:32:13]} 5. Nc3 {[%clk 1:32:42]} g6 {[%clk 1:32:33]} 6. Be2 {[%clk
1:32:49]} Bg7 {[%clk 1:32:57]} 7. Bg5 {[%clk 1:30:31]} Nc6 {[%clk 1:33:05]} 8.
Nb3 {[%clk 1:30:56]} O-O {[%clk 1:32:50]} 9. O-O {[%clk 1:31:10]} a6 {[%clk
1:33:15]} 10. f4 {[%clk 1:17:21]} b5 {[%clk 1:32:51]} 11. Bf3 {[%clk 1:17:16]}
Bb7 {[%clk 1:33:03]} 12. Kh1 {[%clk 1:17:20]} Nd7 {[%clk 1:22:23]} 13. Qe1 {[%clk
0:37:04]} b4 {[%clk 1:15:57]} 14. Nd1 {[%clk 0:35:22]} a5 {[%clk 1:11:49]} 15. a4
{[%clk 0:25:24]} bxa3 {[%clk 0:56:39]} 16. Rxa3 {[%clk 0:25:13]} a4 {[%clk
0:57:05]} 17. Na1 {[%clk 0:23:20]} Nd4 {[%clk 0:53:25]} 18. Qb4 {[%clk 0:08:37]}
Nc5 {[%clk 0:48:56]} 19. e5 {[%clk 0:07:07]} Nxf3 {[%clk 0:38:44]} 20. gxf3
{[%clk 0:07:30]} Qd7 {[%clk 0:36:22]} 21. Re3 {[%clk 0:05:57]} h6 {[%clk
0:34:22]} 22. Bh4 {[%clk 0:06:03]} Qh3 {[%clk 0:34:20]} 23. Qe1 {[%clk 0:05:32]}
dxe5 {[%clk 0:32:50]} 24. fxe5 {[%clk 0:02:18]} g5 {[%clk 0:28:28]} 25. Bg3
{[%clk 0:02:44]} g4 {[%clk 0:27:25]} 26. Nf2 {[%clk 0:02:13]} gxf3 {[%clk
0:27:42]} 27. Rg1 {[%clk 0:02:00]} Rfd8 {[%clk 0:16:16]} 28. Qb4 {[%clk 0:02:07]}
Rd1 {[%clk 0:16:32]} 29. Nxh3 {[%clk 0:00:31]} f2+ {[%clk 0:16:46]} 30. Qxb7
{[%clk 0:00:56]} fxg1Q+ {[%clk 0:17:10]} 31. Nxg1 {[%clk 0:01:23]} Nxb7 {[%clk
0:17:35]} 32. Ra3 {[%clk 0:01:40]} Ra5 {[%clk 0:16:52]} 33. b3 {[%clk 0:00:46]}
Bxe5 {[%clk 0:16:54]} 0-1

[Event "European Club Cup"]
[Site "chess24.com"]
[Date "2018.10.15"]
[Round "4"]
[White "Babula, Vlastimil"]
[Black "Salomon, Johan"]
[Result "1-0"]
[Board "2"]
[WhiteElo "2522"]
[WhiteTitle "GM"]
[WhiteCountry "CZE"]
[WhiteFideId "301264"]
[WhiteEloChange "4"]
[BlackElo "2477"]
[BlackTitle "GM"]
[BlackCountry "NOR"]
[BlackFideId "1509500"]
[BlackEloChange "-4"]

1. d4 {[%clk 1:30:56]} Nf6 {[%clk 1:30:55]} 2. c4 {[%clk 1:31:17]} e6 {[%clk
1:31:22]} 3. Nc3 {[%clk 1:31:28]} Bb4 {[%clk 1:31:47]} 4. e3 {[%clk 1:31:39]} O-O
{[%clk 1:32:11]} 5. Ne2 {[%clk 1:31:52]} Re8 {[%clk 1:32:35]} 6. a3 {[%clk
1:31:44]} Bf8 {[%clk 1:33:02]} 7. Ng3 {[%clk 1:31:33]} d5 {[%clk 1:31:43]} 8. Be2
{[%clk 1:31:21]} b6 {[%clk 1:30:15]} 9. cxd5 {[%clk 1:31:00]} exd5 {[%clk
1:30:38]} 10. O-O {[%clk 1:30:41]} c5 {[%clk 1:27:53]} 11. dxc5 {[%clk 1:29:17]}
bxc5 {[%clk 1:27:56]} 12. Nh5 {[%clk 1:28:59]} Nxh5 {[%clk 1:27:03]} 13. Bxh5
{[%clk 1:29:19]} Ba6 {[%clk 1:18:59]} 14. Re1 {[%clk 1:23:07]} Nc6 {[%clk
1:16:36]} 15. Bf3 {[%clk 1:11:46]} Ne5 {[%clk 1:16:34]} 16. Bxd5 {[%clk 1:11:40]}
Rb8 {[%clk 1:17:01]} 17. e4 {[%clk 1:10:25]} Qh4 {[%clk 1:11:15]} 18. h3 {[%clk
1:04:02]} Rb6 {[%clk 0:52:09]} 19. Re3 {[%clk 0:41:52]} Rg6 {[%clk 0:41:45]} 20.
Ne2 {[%clk 0:40:35]} Bxe2 {[%clk 0:34:39]} 21. Qxe2 {[%clk 0:40:52]} c4 {[%clk
0:35:03]} 22. b4 {[%clk 0:27:33]} Bd6 {[%clk 0:34:15]} 23. Bd2 {[%clk 0:27:13]}
Bc7 {[%clk 0:21:08]} 24. Bxc4 {[%clk 0:21:26]} Bb6 {[%clk 0:20:01]} 25. Bd5
{[%clk 0:21:32]} Bxe3 {[%clk 0:16:21]} 26. Qxe3 {[%clk 0:21:33]} Nd7 {[%clk
0:14:51]} 27. Rc1 {[%clk 0:18:30]} Nb6 {[%clk 0:13:49]} 28. Bc6 {[%clk 0:17:22]}
Rd8 {[%clk 0:13:26]} 29. Bb5 {[%clk 0:09:56]} Rgd6 {[%clk 0:09:33]} 30. Bc3
{[%clk 0:09:27]} Re6 {[%clk 0:07:52]} 31. f3 {[%clk 0:05:11]} Nd5 {[%clk
0:07:29]} 32. Be1 {[%clk 0:04:14]} Qf6 {[%clk 0:06:15]} 33. Qxa7 {[%clk 0:03:21]}
Nf4 {[%clk 0:04:32]} 34. Qc7 {[%clk 0:02:51]} Red6 {[%clk 0:03:16]} 35. Bf1
{[%clk 0:02:12]} h6 {[%clk 0:02:02]} 36. Kh2 {[%clk 0:02:19]} Rd1 {[%clk
0:01:27]} 37. Bg3 {[%clk 0:01:17]} g5 {[%clk 0:01:28]} 38. Bf2 {[%clk 0:01:02]}
Qb2 {[%clk 0:01:29]} 39. Rxd1 {[%clk 0:00:45]} Rxd1 {[%clk 0:01:55]} 40. Bc4
{[%clk 0:30:41]} Qf6 {[%clk 0:31:53]} 41. Be3 {[%clk 0:26:41]} Ng6 {[%clk
0:27:02]} 42. b5 {[%clk 0:19:36]} Ne5 {[%clk 0:26:49]} 43. b6 {[%clk 0:11:16]}
Nxf3+ {[%clk 0:19:56]} 44. gxf3 {[%clk 0:08:14]} Qxf3 {[%clk 0:20:20]} 45. Bxf7+
{[%clk 0:05:03]} Qxf7 {[%clk 0:20:43]} 46. Qxf7+ {[%clk 0:04:41]} Kxf7 {[%clk
0:21:09]} 47. Bc5 {[%clk 0:04:16]} Ke6 {[%clk 0:18:04]} 48. b7 {[%clk 0:03:30]}
1-0

[Event "European Club Cup"]
[Site "chess24.com"]
[Date "2018.10.15"]
[Round "4"]
[White "Grigorian, Spartak"]
[Black "Haug, Johannes"]
[Result "0-1"]
[Board "4"]
[WhiteElo "2347"]
[WhiteCountry "GER"]
[WhiteFideId "24661490"]
[WhiteEloChange "-9"]
[BlackElo "2391"]
[BlackTitle "FM"]
[BlackCountry "NOR"]
[BlackFideId "1509268"]
[BlackEloChange "9"]

1. d4 {[%clk 1:30:30]} Nf6 {[%clk 1:30:30]} 2. c4 {[%clk 1:30:30]} e6 {[%clk
1:30:30]} 3. g3 {[%clk 1:30:30]} d5 {[%clk 1:30:30]} 4. Bg2 {[%clk 1:30:30]} Bb4+
{[%clk 1:30:30]} 5. Nd2 {[%clk 1:30:30]} O-O {[%clk 1:30:30]} 6. Nf3 {[%clk
1:30:30]} b6 {[%clk 1:30:30]} 7. O-O {[%clk 1:30:30]} Bb7 {[%clk 1:30:30]} 8.
cxd5 {[%clk 1:30:30]} exd5 {[%clk 1:30:30]} 9. Ne5 {[%clk 1:30:30]} Be7 {[%clk
1:30:30]} 10. Ndf3 {[%clk 1:30:30]} Ne4 {[%clk 1:30:30]} 11. Bf4 {[%clk 1:30:30]}
c5 {[%clk 1:30:30]} 12. Rc1 {[%clk 1:30:30]} f6 {[%clk 1:30:30]} 13. Nd3 {[%clk
1:30:30]} c4 {[%clk 1:30:30]} 14. Bxb8 {[%clk 1:30:30]} Rxb8 {[%clk 1:30:30]} 15.
Nf4 {[%clk 1:30:30]} Qd6 {[%clk 1:30:30]} 16. Nd2 {[%clk 1:30:30]} f5 {[%clk
1:30:01]} 17. Rc2 {[%clk 1:13:56]} b5 {[%clk 1:26:54]} 18. Re1 {[%clk 1:05:55]}
Bc6 {[%clk 1:17:58]} 19. Nxe4 {[%clk 1:02:21]} fxe4 {[%clk 1:17:18]} 20. f3
{[%clk 1:01:54]} Rxf4 {[%clk 1:11:08]} 21. gxf4 {[%clk 1:01:04]} e3 {[%clk
1:11:29]} 22. Bh3 {[%clk 0:57:22]} Qxf4 {[%clk 1:11:32]} 23. Kg2 {[%clk 0:57:05]}
Qg5+ {[%clk 1:04:13]} 24. Kh1 {[%clk 0:57:16]} Qh6 {[%clk 1:03:03]} 25. Kg2
{[%clk 0:55:46]} Bd6 {[%clk 1:02:12]} 26. Rh1 {[%clk 0:55:49]} Re8 {[%clk
1:00:34]} 27. Bg4 {[%clk 0:54:10]} Qg6 {[%clk 1:00:34]} 28. Kf1 {[%clk 0:54:31]}
h5 {[%clk 1:00:55]} 29. Bh3 {[%clk 0:54:31]} Qf6 {[%clk 1:01:16]} 30. Qe1 {[%clk
0:52:24]} Qxd4 {[%clk 1:00:59]} 31. Rg1 {[%clk 0:52:37]} Qf6 {[%clk 1:00:45]} 32.
Kg2 {[%clk 0:49:09]} d4 {[%clk 0:59:25]} 33. Kh1 {[%clk 0:49:09]} d3 {[%clk
0:59:07]} 34. exd3 {[%clk 0:49:30]} Bxf3+ {[%clk 0:10:53]} 35. Bg2 {[%clk
0:49:30]} e2 {[%clk 0:10:53]} 36. dxc4 {[%clk 0:49:30]} Qf4 {[%clk 0:10:53]} 37.
Qg3 {[%clk 0:49:30]} Qxg3 {[%clk 0:10:53]} 38. hxg3 {[%clk 0:49:30]} e1Q {[%clk
0:10:53]} 39. Rxe1 {[%clk 0:49:30]} Rxe1+ {[%clk 0:10:53]} 40. Kh2 {[%clk
0:49:30]} Bxg2 {[%clk 0:10:53]} 41. Kxg2 {[%clk 0:49:30]} bxc4 {[%clk 0:10:53]}
0-1

[Event "European Club Cup"]
[Site "chess24.com"]
[Date "2018.10.15"]
[Round "4"]
[White "Tryggestad, Andreas Garberg"]
[Black "Meins, Gerlef"]
[Result "1/2-1/2"]
[Board "5"]
[WhiteElo "2320"]
[WhiteTitle "FM"]
[WhiteCountry "NOR"]
[WhiteFideId "1513338"]
[WhiteEloChange "2"]
[BlackElo "2408"]
[BlackTitle "IM"]
[BlackCountry "GER"]
[BlackFideId "4620895"]
[BlackEloChange "-1"]

1. d4 {[%clk 1:30:58]} Nf6 {[%clk 1:30:49]} 2. c4 {[%clk 1:31:23]} e6 {[%clk
1:30:59]} 3. Nf3 {[%clk 1:31:48]} b6 {[%clk 1:30:38]} 4. g3 {[%clk 1:32:13]} Bb7
{[%clk 1:30:11]} 5. Bg2 {[%clk 1:32:36]} Bb4+ {[%clk 1:29:41]} 6. Bd2 {[%clk
1:32:56]} Be7 {[%clk 1:29:10]} 7. Nc3 {[%clk 1:32:52]} c6 {[%clk 1:17:12]} 8. Rc1
{[%clk 1:20:40]} O-O {[%clk 1:14:42]} 9. O-O {[%clk 1:19:39]} d5 {[%clk 1:12:55]}
10. cxd5 {[%clk 1:19:51]} cxd5 {[%clk 1:10:31]} 11. Ne5 {[%clk 1:17:31]} Nfd7
{[%clk 0:58:31]} 12. Nxd7 {[%clk 1:08:39]} Qxd7 {[%clk 0:54:26]} 13. h4 {[%clk
0:49:47]} h6 {[%clk 0:49:21]} 14. Bf4 {[%clk 0:39:28]} Nc6 {[%clk 0:47:23]} 15.
h5 {[%clk 0:39:42]} Rfc8 {[%clk 0:39:17]} 16. Re1 {[%clk 0:36:04]} Na5 {[%clk
0:34:28]} 17. e3 {[%clk 0:23:51]} Nc4 {[%clk 0:30:50]} 18. Qe2 {[%clk 0:14:01]}
b5 {[%clk 0:25:43]} 19. Bf1 {[%clk 0:12:05]} b4 {[%clk 0:22:12]} 20. Nb1 {[%clk
0:12:06]} a5 {[%clk 0:20:56]} 21. b3 {[%clk 0:11:51]} Nd6 {[%clk 0:19:58]} 22.
Nd2 {[%clk 0:11:56]} Ba6 {[%clk 0:13:40]} 23. Qg4 {[%clk 0:11:50]} Bxf1 {[%clk
0:13:31]} 24. Kxf1 {[%clk 0:11:19]} Nf5 {[%clk 0:12:35]} 25. Qe2 {[%clk 0:11:01]}
Rc3 {[%clk 0:09:03]} 26. Nb1 {[%clk 0:09:58]} Rxc1 {[%clk 0:09:03]} 27. Rxc1
{[%clk 0:09:58]} Rc8 {[%clk 0:09:22]} 28. Rc2 {[%clk 0:09:46]} Bd6 {[%clk
0:08:05]} 29. Bxd6 {[%clk 0:05:08]} Nxd6 {[%clk 0:08:32]} 30. Qd1 {[%clk
0:04:06]} Ne4 {[%clk 0:05:52]} 31. Qc1 {[%clk 0:04:35]} Rxc2 {[%clk 0:05:52]} 32.
Qxc2 {[%clk 0:04:35]} Qd8 {[%clk 0:04:46]} 33. Nd2 {[%clk 0:04:52]} Nf6 {[%clk
0:03:54]} 34. Nf3 {[%clk 0:04:37]} Nxh5 {[%clk 0:03:18]} 35. Ne5 {[%clk 0:05:07]}
Nf6 {[%clk 0:03:39]} 36. f3 {[%clk 0:01:07]} Nd7 {[%clk 0:02:31]} 37. Nd3 {[%clk
0:01:35]} g6 {[%clk 0:01:56]} 38. Qc6 {[%clk 0:01:53]} Kg7 {[%clk 0:01:36]} 39.
Qb7 {[%clk 0:01:26]} h5 {[%clk 0:01:03]} 40. Nc5 {[%clk 0:31:46]} Nxc5 {[%clk
0:30:36]} 41. dxc5 {[%clk 0:32:16]} d4 {[%clk 0:29:04]} 42. c6 {[%clk 0:24:55]}
Qd5 {[%clk 0:22:20]} 43. e4 {[%clk 0:21:08]} Qc5 {[%clk 0:19:52]} 44. c7 {[%clk
0:21:04]} Qc1+ {[%clk 0:20:15]} 45. Kg2 {[%clk 0:19:56]} Qd2+ {[%clk 0:19:55]}
46. Kg1 {[%clk 0:18:22]} Qe3+ {[%clk 0:18:03]} 47. Kg2 {[%clk 0:18:41]} Qe2+
{[%clk 0:18:11]} 48. Kg1 {[%clk 0:19:10]} Qe1+ {[%clk 0:10:42]} 49. Kg2 {[%clk
0:19:36]} Qe2+ {[%clk 0:11:07]} 50. Kg1 {[%clk 0:20:01]} d3 {[%clk 0:09:43]} 51.
c8Q {[%clk 0:20:26]} d2 {[%clk 0:10:08]} 52. Qxf7+ {[%clk 0:20:41]} Kxf7 {[%clk
0:10:32]} 53. Qc7+ {[%clk 0:21:08]} Ke8 {[%clk 0:10:04]} 1/2-1/2